[Event "GER-ch Youth U16W 2020"]
[Site "Willingen"]
[Date "2020.10.21"]
[Round "2.6"]
[White "Falke, Ornella"]
[Black "Yue, Qizhou"]
[Result "0-1"]
[WhiteElo "1500"]
[BlackElo "1775"]
[Annotator "NA RC"]
[PlyCount "102"]
[EventDate "2020.10.20"]
[EventType "swiss"]
[EventRounds "7"]
[EventCountry "GER"]
[SourceTitle "playchess.com"]
[Source "ChessBase"]
[SourceQuality "1"]
[TimeControl "40/5400+30:1800+30"]

1. e4 {[%emt 0:00:00]} c5 {[%emt 0:00:00]} 2. Nf3 {[%emt 0:00:00]} a6 {[%emt 0:00:00]} 3. c4 {[%emt 0:06:46]} Nc6 {[%emt 0:00:09]} 4. d4 {[%emt 0:01:19]} cxd4 {[%emt 0:00:11]} 5. Nxd4 {[%emt 0:00:08]} e5 {[%emt 0:00:22]} 6. Nc2 {[%emt 0:02:17]} Nf6 {[%emt 0:02:20]} 7. Nc3 {[%emt 0:03:41]} Bc5 {[%emt 0:04:08]} 8. Bg5 {[%emt 0:04:24]} h6 {[%emt 0:02:40]} 9. Bh4 {[%emt 0:01:42]} d6 {[%emt 0:03:49]} 10. Be2 {[%emt 0:07:29]} Be6 {[%emt 0:05:01]} 11. O-O {[%emt 0:07:39]} g5 {[%emt 0:05:30]} 12. Bg3 {[%emt 0:00:43]} Nd4 {[%emt 0:15:59]} 13. Bd3 {[%emt 0:13:48]} Rc8 {[%emt 0:14:21]} 14. Ne3 {[%emt 0:01:13]} h5 {[%emt 0:09:35]} 15. h4 {[%emt 0:07:39]} Ng4 {[%emt 0:01:08]} 16. Nf5 {[%emt 0:07:48]} Bxf5 {[%emt 0:02:21]} 17. exf5 {[%emt 0:00:16]} gxh4 {[%emt 0:00:36]} 18. Bh2 {[%emt 0:01:01]} Rg8 {[%emt 0:02:46]} 19. Be4 {[%emt 0:04:40]} Nc6 {[%emt 0:02:49]} 20. Qd3 {[%emt 0:01:34]} Qb6 {[%emt 0:03:48]} 21. Qd2 {[%emt 0:04:31]} Nf6 {[%emt 0:02:49]} 22. Qh6 {[%emt 0:06:19]} Bxf2+ {[%emt 0:02:40]} 23. Kh1 {[%emt 0:08:19]} Ng4 {[%emt 0:00:34]} 24. Qh7 {[%emt 0:00:21]} Kf8 {[%emt 0:12:32]} 25. Nd5 {[%emt 0:02:35]} Qd8 {[%emt 0:00:25]} 26. f6 {[%emt 0:01:12]} Bd4 {[%emt 0:01:57]} 27. Qxh5 {[%emt 0:01:47]} Nf2+ {[%emt 0:00:47]} 28. Rxf2 {[%emt 0:00:45]} Bxf2 {[%emt 0:00:07]} 29. Qh6+ {[%emt 0:00:34]} Ke8 {[%emt 0:00:15]} 30. Bh7 {[%emt 0:02:14]} Rf8 {[%emt 0:01:23]} 31. Rf1 {[%emt 0:00:47]} Bd4 {[%emt 0:02:14]} 32. Qxh4 {[%emt 0:00:16]} Bc5 {[%emt 0:01:20]} 33. Rf3 {[%emt 0:01:01]} Nd4 {[%emt 0:00:38]} 34. Rg3 {[%emt 0:00:53]} Ne6 {[%emt 0:00:10]} 35. Ne7 {[%emt 0:00:26]} Bf2 {[%emt 0:00:58]} 36. Nxc8 {[%emt 0:01:12]} Bxg3 {[%emt 0:00:13]} 37. Bxg3 {[%emt 0:00:00]} Qxc8 {[%emt 0:00:19]} 38. Bf5 {[%emt 0:00:19]} Kd8 {[%emt 0:00:57]} 39. Qh6 {[%emt 0:00:14]} Kc7 {[%emt 0:00:25]} 40. Qd2 {[%emt 0:00:40]} Rh8+ {[%emt 0:00:36]} 41. Kg1 {[%emt 0:30:24]} Qd8 {[%emt 0:03:32]} 42. Qd5 {[%emt 0:00:00]} Qxf6 {[%emt 0:02:38]} 43. Be4 {[%emt 0:00:00]} Nc5 {[%emt 0:00:56]} 44. Bf3 {[%emt 0:00:00]} Qe6 {[%emt 0:05:03]} 45. b4 {[%emt 0:00:00]} Qxd5 {[%emt 0:00:12]} 46. Bxd5 {[%emt 0:00:00]} Nd3 {[%emt 0:01:20]} 47. Bxf7 {[%emt 0:00:00]} Nxb4 {[%emt 0:00:18]} 48. Be1 {[%emt 0:00:00]} Nd3 {[%emt 0:01:53]} 49. Bc3 {[%emt 0:00:00]} Rf8 {[%emt 0:02:19]} 50. Bg6 {[%emt 0:00:00]} Nf4 {[%emt 0:00:22]} 51. Ba5+ {[%emt 0:00:00]} b6 {[%emt 0:00:09]} 0-1

[Event "GER-ch Youth U16W 2020"]
[Site "Willingen"]
[Date "2020.10.21"]
[Round "2.7"]
[White "Cheredzhiyska, Iva"]
[Black "Schwegler, Jelena"]
[Result "1-0"]
[WhiteElo "1674"]
[BlackElo "1539"]
[Annotator "NA RC"]
[PlyCount "47"]
[EventDate "2020.10.20"]
[EventType "swiss"]
[EventRounds "7"]
[EventCountry "GER"]
[SourceTitle "playchess.com"]
[Source "ChessBase"]
[SourceQuality "1"]
[TimeControl "40/5400+30:1800+30"]

1. e4 {[%emt 0:00:00]} c5 {[%emt 0:00:00]} 2. Nf3 {[%emt 0:00:00]} g6 {[%emt 0:00:00]} 3. d4 {[%emt 0:01:04]} cxd4 {[%emt 0:00:00]} 4. Nxd4 {[%emt 0:05:12]} Nc6 {[%emt 0:00:04]} 5. Nxc6 {[%emt 0:11:11]} bxc6 {[%emt 0:00:30]} 6. Nc3 {[%emt 0:02:17]} Bg7 {[%emt 0:00:59]} 7. Bd3 {[%emt 0:02:49]} e6 {[%emt 0:06:35]} 8. O-O {[%emt 0:04:16]} Nf6 {[%emt 0:03:03]} 9. Kh1 {[%emt 0:10:24]} d5 {[%emt 0:02:07]} 10. e5 {[%emt 0:02:58]} Nd7 {[%emt 0:00:50]} 11. f4 {[%emt 0:01:35]} O-O {[%emt 0:00:44]} 12. Qe2 {[%emt 0:04:19]} Rb8 {[%emt 0:07:26]} 13. b3 {[%emt 0:02:37]} Re8 {[%emt 0:26:09]} 14. Ba3 {[%emt 0:03:48]} f6 {[%emt 0:02:42]} 15. Bd6 {[%emt 0:02:02]} Ra8 {[%emt 0:00:50]} 16. Rae1 {[%emt 0:05:04]} fxe5 {[%emt 0:03:15]} 17. fxe5 {[%emt 0:01:09]} Qa5 {[%emt 0:01:05]} 18. Qf3 {[%emt 0:06:32]} Qd8 {[%emt 0:04:27]} 19. Qf7+ {[%emt 0:04:30]} Kh8 {[%emt 0:00:13]} 20. Bxg6 {[%emt 0:02:17]} hxg6 {[%emt 0:00:36]} 21. Rf3 {[%emt 0:01:41]} Nf8 {[%emt 0:00:32]} 22. Bxf8 {[%emt 0:00:43]} Rxf8 {[%emt 0:00:05]} 23. Rh3+ {[%emt 0:00:16]} Bh6 {[%emt 0:00:05]} 24. Rxh6# 1-0

[Event "GER-ch Youth U16W 2020"]
[Site "Willingen"]
[Date "2020.10.21"]
[Round "2.8"]
[White "Jacoby, Angelina"]
[Black "Schneider, Katharina"]
[Result "0-1"]
[WhiteElo "1630"]
[BlackElo "1779"]
[Annotator "NA RC"]
[PlyCount "96"]
[EventDate "2020.10.20"]
[EventType "swiss"]
[EventRounds "7"]
[EventCountry "GER"]
[SourceTitle "playchess.com"]
[Source "ChessBase"]
[SourceQuality "1"]
[TimeControl "40/5400+30:1800+30"]

1. Nf3 {[%emt 0:00:05]} Nf6 {[%emt 0:00:06]} 2. g3 {[%emt 0:00:24]} d5 {[%emt 0:02:36]} 3. Bg2 {[%emt 0:00:42]} c5 {[%emt 0:03:12]} 4. c4 {[%emt 0:16:28]} e6 {[%emt 0:02:41]} 5. O-O {[%emt 0:07:03]} Nc6 {[%emt 0:04:13]} 6. d3 {[%emt 0:02:50]} Be7 {[%emt 0:05:01]} 7. b3 {[%emt 0:04:40]} O-O {[%emt 0:02:54]} 8. Bb2 {[%emt 0:00:07]} d4 {[%emt 0:02:30]} 9. e3 {[%emt 0:05:20]} e5 {[%emt 0:05:47]} 10. e4 {[%emt 0:04:48]} Ne8 {[%emt 0:10:57]} 11. Re1 {[%emt 0:04:23]} Qc7 {[%emt 0:03:44]} 12. Qe2 {[%emt 0:05:31]} a5 {[%emt 0:07:03]} 13. Na3 {[%emt 0:00:58]} Na7 {[%emt 0:03:39]} 14. Bc1 {[%emt 0:05:29]} Bd6 {[%emt 0:03:44]} 15. Bd2 {[%emt 0:18:17]} Bd7 {[%emt 0:01:51]} 16. Ng5 {[%emt 0:04:02]} f6 {[%emt 0:02:43]} 17. Nf3 {[%emt 0:02:09]} Rb8 {[%emt 0:03:28]} 18. Rab1 {[%emt 0:01:47]} b6 {[%emt 0:01:43]} 19. Kh1 {[%emt 0:02:54]} Qc8 {[%emt 0:01:13]} 20. Kg1 {[%emt 0:01:32]} Nc7 {[%emt 0:01:51]} 21. Nh4 {[%emt 0:01:06]} Na6 {[%emt 0:01:58]} 22. Rf1 {[%emt 0:05:00]} Nb4 {[%emt 0:01:22]} 23. Rb2 {[%emt 0:00:29]} g5 {[%emt 0:09:28]} 24. Nf3 {[%emt 0:00:28]} Bg4 {[%emt 0:03:13]} 25. Bc1 {[%emt 0:02:13]} h6 {[%emt 0:02:36]} 26. Qd2 {[%emt 0:01:50]} Kf7 {[%emt 0:02:39]} 27. h4 {[%emt 0:00:24]} Rh8 {[%emt 0:01:16]} 28. Nh2 {[%emt 0:00:40]} gxh4 {[%emt 0:01:36]} 29. gxh4 {[%emt 0:00:41]} Bh3 {[%emt 0:01:24]} 30. f3 {[%emt 0:01:24]} Bxg2 {[%emt 0:02:48]} 31. Kxg2 Rg8+ {[%emt 0:00:20]} 32. Kh1 {[%emt 0:00:33]} Qh3 {[%emt 0:00:23]} 33. Qxh6 {[%emt 0:00:50]} Nxd3 {[%emt 0:00:45]} 34. Qh5+ {[%emt 0:00:42]} Ke6 {[%emt 0:01:39]} 35. Re2 {[%emt 0:00:49]} Rh8 {[%emt 0:01:28]} 36. Qg4+ {[%emt 0:00:24]} Qxg4 {[%emt 0:00:09]} 37. Nxg4 {[%emt 0:00:23]} Rxh4+ {[%emt 0:00:05]} 38. Kg2 {[%emt 0:00:11]} Rg8 {[%emt 0:00:48]} 39. Rd2 {[%emt 0:00:38]} Nf4+ {[%emt 0:01:13]} 40. Kf2 {[%emt 0:00:36]} f5 {[%emt 0:01:43]} 41. exf5+ {[%emt 0:01:48]} Kxf5 {[%emt 0:00:07]} 42. Ke1 {[%emt 0:00:54]} Rgh8 {[%emt 0:02:49]} 43. Rd1 {[%emt 0:04:23]} e4 {[%emt 0:04:14]} 44. Bxf4 {[%emt 0:06:37]} Bxf4 {[%emt 0:01:55]} 45. Nf2 {[%emt 0:00:45]} exf3 {[%emt 0:04:58]} 46. Nd3 {[%emt 0:00:15]} Re8+ {[%emt 0:01:13]} 47. Kf2 {[%emt 0:00:56]} Rh2+ {[%emt 0:00:23]} 48. Kxf3 {[%emt 0:00:31]} Re3# {[%emt 0:00:09]} 0-1

[Event "GER-ch Youth U16W 2020"]
[Site "Willingen"]
[Date "2020.10.21"]
[Round "2.9"]
[White "Pavlov, Liliane"]
[Black "Klahold, Rona"]
[Result "1-0"]
[WhiteElo "1744"]
[BlackElo "1551"]
[Annotator "NA RC"]
[PlyCount "65"]
[EventDate "2020.10.20"]
[EventType "swiss"]
[EventRounds "7"]
[EventCountry "GER"]
[SourceTitle "playchess.com"]
[Source "ChessBase"]
[SourceQuality "1"]
[TimeControl "40/5400+30:1800+30"]

1. d4 {[%emt 0:00:00]} d5 {[%emt 0:00:00]} 2. c4 {[%emt 0:00:00]} c6 {[%emt 0:00:00]} 3. Nf3 {[%emt 0:00:00]} Nf6 {[%emt 0:00:02]} 4. Nbd2 {[%emt 0:00:37]} Bf5 {[%emt 0:00:58]} 5. Nh4 {[%emt 0:01:22]} Bg6 {[%emt 0:01:53]} 6. Qb3 {[%emt 0:01:17]} Qb6 {[%emt 0:03:28]} 7. Qh3 {[%emt 0:03:17]} Nbd7 {[%emt 0:03:09]} 8. Nxg6 {[%emt 0:01:19]} fxg6 {[%emt 0:00:33]} 9. e3 {[%emt 0:10:02]} Qc7 {[%emt 0:20:25]} 10. Bd3 {[%emt 0:08:09]} e5 {[%emt 0:04:37]} 11. Bxg6+ {[%emt 0:18:05]} Kd8 {[%emt 0:14:03]} 12. O-O {[%emt 0:17:30]} Qd6 {[%emt 0:10:39]} 13. c5 {[%emt 0:02:58]} Qe7 {[%emt 0:00:46]} 14. Bd3 {[%emt 0:04:43]} Kc7 {[%emt 0:05:54]} 15. b4 {[%emt 0:00:31]} e4 {[%emt 0:03:31]} 16. Be2 {[%emt 0:00:23]} b6 {[%emt 0:02:23]} 17. Qg3+ {[%emt 0:05:20]} Kd8 {[%emt 0:01:27]} 18. a4 {[%emt 0:00:48]} Qe6 {[%emt 0:01:56]} 19. Ba3 {[%emt 0:03:16]} bxc5 {[%emt 0:03:16]} 20. bxc5 {[%emt 0:00:30]} Ke7 {[%emt 0:02:47]} 21. Rac1 {[%emt 0:01:46]} Kf7 {[%emt 0:00:20]} 22. f3 {[%emt 0:00:51]} exf3 {[%emt 0:02:34]} 23. Rxf3 {[%emt 0:00:20]} Be7 {[%emt 0:00:18]} 24. e4 {[%emt 0:03:55]} dxe4 {[%emt 0:00:38]} 25. Bc4 {[%emt 0:00:47]} exf3 {[%emt 0:01:09]} 26. Bxe6+ {[%emt 0:00:06]} Kxe6 {[%emt 0:00:22]} 27. Nxf3 {[%emt 0:03:20]} Kf7 {[%emt 0:02:58]} 28. Ng5+ {[%emt 0:00:19]} Kg6 {[%emt 0:02:20]} 29. h4 {[%emt 0:02:50]} h6 {[%emt 0:02:38]} 30. Qd3+ {[%emt 0:00:25]} Kh5 {[%emt 0:00:27]} 31. Qf5 {[%emt 0:02:57]} Rhg8 {[%emt 0:05:31]} 32. Ne6+ {[%emt 0:02:53]} g5 {[%emt 0:01:54]} 33. Nf4+ {[%emt 0:00:31]} 1-0

[Event "GER-ch Youth U16W 2020"]
[Site "Willingen"]
[Date "2020.10.21"]
[Round "2.10"]
[White "Dohon, Maria-Johanna"]
[Black "Kalina, Lena"]
[Result "0-1"]
[WhiteElo "1536"]
[BlackElo "1561"]
[Annotator "NA RC"]
[PlyCount "94"]
[EventDate "2020.10.20"]
[EventType "swiss"]
[EventRounds "7"]
[EventCountry "GER"]
[SourceTitle "playchess.com"]
[Source "ChessBase"]
[SourceQuality "1"]
[TimeControl "40/5400+30:1800+30"]

1. d4 {[%emt 0:00:00]} Nf6 {[%emt 0:00:00]} 2. Nf3 {[%emt 0:00:00]} g6 {[%emt 0:00:00]} 3. g3 {[%emt 0:00:00]} Bg7 {[%emt 0:00:00]} 4. Bg2 {[%emt 0:00:00]} O-O {[%emt 0:00:39]} 5. O-O {[%emt 0:00:01]} d6 {[%emt 0:02:01]} 6. b3 {[%emt 0:02:17]} c5 {[%emt 0:06:54]} 7. Bb2 {[%emt 0:02:42]} Nfd7 {[%emt 0:07:07]} 8. Qc1 {[%emt 0:03:32]} Nc6 {[%emt 0:03:25]} 9. dxc5 {[%emt 0:02:26]} Nxc5 {[%emt 0:02:15]} 10. Bxg7 {[%emt 0:02:15]} Kxg7 {[%emt 0:00:12]} 11. Rd1 {[%emt 0:02:27]} Bf5 {[%emt 0:06:12]} 12. Nd4 {[%emt 0:06:46]} Nxd4 {[%emt 0:02:59]} 13. Rxd4 {[%emt 0:00:12]} Qb6 {[%emt 0:04:17]} 14. Qb2 {[%emt 0:04:40]} Kg8 {[%emt 0:01:32]} 15. Na3 {[%emt 0:03:28]} Rac8 {[%emt 0:06:07]} 16. Nc4 {[%emt 0:02:22]} Qc7 {[%emt 0:01:27]} 17. a4 {[%emt 0:06:02]} b6 {[%emt 0:04:20]} 18. f3 {[%emt 0:05:08]} Nb7 {[%emt 0:10:51]} 19. e4 {[%emt 0:07:00]} Be6 {[%emt 0:01:43]} 20. Kh1 {[%emt 0:03:04]} Na5 {[%emt 0:03:01]} 21. Ne3 {[%emt 0:03:49]} Qc3 {[%emt 0:04:56]} 22. Qxc3 {[%emt 0:03:11]} Rxc3 {[%emt 0:00:06]} 23. b4 {[%emt 0:04:55]} Nc6 {[%emt 0:03:01]} 24. Rd3 {[%emt 0:03:36]} Rxd3 {[%emt 0:00:58]} 25. cxd3 {[%emt 0:00:08]} Nxb4 {[%emt 0:00:44]} 26. Bf1 {[%emt 0:02:17]} Rc8 {[%emt 0:03:20]} 27. Nc4 {[%emt 0:02:48]} Nc2 {[%emt 0:12:23]} 28. Rb1 {[%emt 0:02:51]} Rc5 {[%emt 0:03:48]} 29. Rb5 {[%emt 0:02:40]} Rxb5 {[%emt 0:01:51]} 30. axb5 {[%emt 0:00:09]} Bd7 {[%emt 0:00:14]} 31. Kg1 {[%emt 0:01:53]} Bxb5 {[%emt 0:00:32]} 32. Kf2 {[%emt 0:00:31]} Bc6 {[%emt 0:04:24]} 33. Be2 {[%emt 0:01:30]} Nb4 {[%emt 0:01:52]} 34. Nb2 {[%emt 0:00:31]} b5 {[%emt 0:01:02]} 35. Bd1 {[%emt 0:00:32]} a5 {[%emt 0:00:21]} 36. Ke3 {[%emt 0:01:02]} a4 {[%emt 0:00:23]} 37. Nxa4 {[%emt 0:02:03]} bxa4 {[%emt 0:00:07]} 38. Kd2 {[%emt 0:01:59]} a3 {[%emt 0:00:58]} 39. Bb3 {[%emt 0:00:35]} a2 {[%emt 0:00:10]} 40. Bxa2 {[%emt 0:00:26]} Nxa2 {[%emt 0:00:07]} 41. Ke3 {[%emt 0:30:21]} Kg7 {[%emt 0:32:26]} 42. f4 {[%emt 0:00:12]} Nb4 {[%emt 0:00:00]} 43. h3 {[%emt 0:00:00]} e5 {[%emt 0:00:00]} 44. fxe5 {[%emt 0:00:00]} dxe5 {[%emt 0:00:00]} 45. d4 {[%emt 0:00:00]} Nc2+ {[%emt 0:00:00]} 46. Kd3 {[%emt 0:00:00]} Nxd4 {[%emt 0:00:00]} 47. g4 {[%emt 0:00:00]} Nf3 {[%emt 0:00:00]} 0-1

[Event "GER-ch Youth U16W 2020"]
[Site "Willingen"]
[Date "2020.10.21"]
[Round "3.1"]
[White "Butenandt, Svenja"]
[Black "Brunner, Sophia"]
[Result "1/2-1/2"]
[WhiteElo "1986"]
[BlackElo "1850"]
[Annotator "TA"]
[PlyCount "79"]
[EventDate "2020.10.20"]
[EventType "swiss"]
[EventRounds "7"]
[EventCountry "GER"]
[SourceTitle "playchess.com"]
[Source "ChessBase"]
[SourceQuality "1"]

{[%evp 34,79,35,49,40,31,31,23,30,21,85,46,36,50,69,31,56,32,37,52,30,-18,0,-76,0,-157,-125,-247,-233,-260,-196,-453,-223,-169,-157,-353,-338,-257,-168,-281,-8,-12,0,0,0,0,0,0]} 1. d4 d5 2. c4 c6 3. Nc3 Nf6 4. Nf3 e6 5. Bg5 dxc4 6. e4 b5 7. e5 h6 8. Bh4 g5 9. Nxg5 hxg5 10. Bxg5 Nbd7 11. g3 Bb7 12. Bg2 Qb6 13. exf6 O-O-O 14. O-O c5 15. d5 b4 16. Na4 Qa6 17. a3 Bxd5 18. Bxd5 Ne5 $1 {D44: Semi-Slav: Botvinnik System.} 19. axb4 Rxd5 20. Qe2 cxb4 {White has an edge.} 21. Nc3 Qc6 (21... Qd6 $1 $11 22. Nxd5 Qxd5) 22. Nxd5 Qxd5 23. f3 $1 Bc5+ {23...Bc5+ is better than 23...Nd3.} 24. Be3 Nd3 25. Bxc5 $1 Qxc5+ 26. Kh1 Rd8 27. Qc2 {[#]} Kb7 $146 ({Predecessor:} 27... a5 28. Ra4 {1-0 (28) Mulyar,M (2385)-Shepherd,D (2033) Middleton 2018}) 28. Kg2 {[#]} (28. Ra4 $11 {remains equal.}) 28... a5 (28... Kb6 $1 $17) 29. Rfd1 $2 {[#]} (29. h4 $11) 29... Qe3 $1 $36 {[%mdl 2048] ...Nf4+ is the strong threat. White is under strong pressure.} 30. Rxd3 ({Wrong is} 30. Rxa5 $2 Ne1+ 31. Rxe1 Rd2+ 32. Qxd2 Qxd2+ 33. Kf1 Qxb2 $19) (30. h4 $17 {keeps fighting.} Kb6 31. Kh2) 30... cxd3 {[%mdl 4096] Endgame KQR-KQR} ({Don't do} 30... Rxd3 31. Qxc4 Qxf3+ 32. Kg1) 31. Qf2 Qe5 32. f4 $2 (32. Rd1) 32... Qb5 (32... Qd5+ $142 33. Qf3 d2) 33. Qf3+ $19 Kb8 34. Qe4 $2 (34. g4 $17) 34... d2 35. Rd1 Rd5 36. Qe3 (36. g4 $142) 36... Qc6 $2 ({Black should play} 36... a4 $19 {And now ...a3! would win.} 37. f5 Rd3) 37. Kf2 $11 {The position is equal.} Qd6 {next ...a4 is good for Black.} 38. Ke2 {[%cal Rd1d2]} Qa6+ 39. Kf2 Qd6 {Hoping for ...a4.} 40. Ke2 {Av CentiPawn Loss W=-43/B=-41. Weighted=-48/-58} 1/2-1/2

[Event "GER-ch Youth U16W 2020"]
[Site "Willingen"]
[Date "2020.10.21"]
[Round "3.2"]
[White "Heutling, Elina"]
[Black "Bardorz, Jana"]
[Result "1-0"]
[WhiteElo "1873"]
[BlackElo "1960"]
[Annotator "TA"]
[PlyCount "117"]
[EventDate "2020.10.20"]
[EventType "swiss"]
[EventRounds "7"]
[EventCountry "GER"]
[SourceTitle "playchess.com"]
[Source "ChessBase"]
[SourceQuality "1"]

{[%evp 18,117,33,33,39,0,40,41,60,31,72,8,29,-9,5,0,3,-3,20,18,25,16,24,12,19,0,28,-29,-45,-53,-61,-81,-91,-171,-172,-249,-240,-215,-140,-247,-170,-163,-107,-276,-87,-100,-33,-24,-4,-16,-31,-95,-85,-90,-98,-105,-71,-77,0,-13,-10,-14,-12,-10,-5,-17,-9,-9,-9,-31,58,53,48,45,57,30,70,54,93,90,89,84,70,71,301,157,148,148,163,169,157,57,452,433,629,207,2814,2785,2530,2446,29979,29978]} 1. e4 e5 2. Nf3 Nc6 3. Bb5 a6 4. Ba4 d6 5. c3 Bd7 6. d4 g6 7. O-O Bg7 8. Re1 Nf6 9. Nbd2 {9.h3 injects fresh life into this line. Played by Leinier Dominguez Perez in September 2020.} O-O 10. h3 Re8 {C60: Ruy Lopez: Unusual Black 3rd moves and 3...g6.} 11. d5 Nb8 12. Bc2 {[#]} b5 $146 {White is slightly better.} ({Predecessor:} 12... a5 13. Rb1 h6 14. b3 Kh7 15. a3 Nh5 16. Nf1 Qe7 17. b4 Bc8 18. Ng3 Nf4 19. Bxf4 exf4 {1-0 (26) Steinberg,N (2466)-Medancic,R (2266) Palic 2016}) 13. Nf1 Qe7 14. b3 (14. a4 $16) 14... c6 $11 15. dxc6 Nxc6 16. Ba3 Bf8 17. Qd3 Rad8 18. Rad1 {[%cal Ra3d6]} Bc8 19. Ne3 Qc7 20. Bb2 Bb7 21. Qe2 Ne7 {[%cal Bc6e7,Be7d5,Bd5f4][%mdl 32]} 22. Nf1 (22. c4 $142) 22... d5 23. Ng3 Bg7 24. exd5 Nexd5 {And now ...e4 would win.} 25. Ne4 (25. c4 $17 Nf4 26. Qe3) 25... Nf4 26. Nxf6+ (26. Qe3 $142) 26... Bxf6 $19 27. Qe3 Nd5 28. Qh6 (28. Qc1 $17) 28... Bg7 ({Less strong is} 28... Nxc3 29. Rxd8 Qxd8 30. Bxc3 $17) 29. Qh4 f6 (29... Nf4 $19 {Strongly threatening ...Rxd1.} 30. Rxd8 Rxd8) 30. Rd3 $2 (30. Be4 $17) 30... Rd7 $2 (30... f5 $19 {is more deadly. aiming for ...e4.} 31. Rdd1 e4) 31. c4 $17 bxc4 (31... Red8 $17 {Threatens to win with ...Nf4.} 32. Bc1 Nb4 33. Rxd7 Rxd7) 32. bxc4 $15 Nb6 33. Rxd7 Nxd7 34. Be4 (34. Ba3 $15) 34... Nc5 $1 $17 35. Bxb7 Qxb7 36. Bc3 Qc7 37. Rd1 Rd8 ({Black should play} 37... f5 $17 {...Ne4 is the strong threat.} 38. Rd5 Ne4 {[%mdl 64] Discovered Attack}) 38. Rxd8+ Qxd8 39. Nd2 Qd3 40. Bb4 Ne6 41. Qg4 f5 42. Qd1 Qd7 43. Qf3 Kf7 ({Better is} 43... e4 $15 44. Qa3 Qc6) 44. Qa8 $14 Bf8 45. Bxf8 $1 Nxf8 46. Nb3 Qd1+ 47. Kh2 Qd6 48. c5 Qc7 49. Qxa6 e4+ 50. g3 Nd7 $2 (50... Ke7 $16) 51. Qc4+ (51. c6 $18) 51... Kf6 $16 52. a4 Ne5 53. Qc3 $1 Ke6 {[#]} 54. a5 (54. Kg2 $1 $16) 54... f4 $2 {[%mdl 8192]} (54... Nf3+ $14 55. Kg2 Qc6 56. Nd4+ Nxd4 57. Qxd4 e3+ 58. Kg1 Qa6) 55. Nd4+ $18 Ke7 (55... Kd5 $142 56. a6 (56. gxf4 Nd3 $16 {[%mdl 64] Decoy}) 56... Nc6) 56. gxf4 $2 (56. a6 fxg3+ 57. fxg3) 56... Nf3+ $2 (56... Nd3) 57. Nxf3 Qxf4+ 58. Kg1 exf3 {[#]} 59. Qe3+ $1 {Quite a comeback for White. Av CentiPawn Loss W=-34/B=-71. Weighted=-39/-93} 1-0

[Event "GER-ch Youth U16W 2020"]
[Site "Willingen"]
[Date "2020.10.21"]
[Round "3.3"]
[White "Reuter, Elisa"]
[Black "Schnabel, Luise"]
[Result "1-0"]
[WhiteElo "1860"]
[BlackElo "1867"]
[Annotator "NA RC"]
[PlyCount "61"]
[EventDate "2020.10.20"]
[EventType "swiss"]
[EventRounds "7"]
[EventCountry "GER"]
[SourceTitle "playchess.com"]
[Source "ChessBase"]
[SourceQuality "1"]
[TimeControl "40/5400+30:1800+30"]

1. e4 {[%emt 0:00:00]} Nf6 {[%emt 0:00:00]} 2. e5 {[%emt 0:00:00]} Nd5 {[%emt 0:00:05]} 3. d4 {[%emt 0:00:00]} d6 {[%emt 0:00:10]} 4. exd6 {[%emt 0:00:00]} cxd6 {[%emt 0:00:12]} 5. c4 {[%emt 0:00:00]} Nb6 {[%emt 0:00:09]} 6. Nc3 {[%emt 0:00:00]} g6 {[%emt 0:00:31]} 7. Be3 {[%emt 0:00:00]} Bg7 {[%emt 0:00:26]} 8. Rc1 {[%emt 0:00:09]} O-O {[%emt 0:00:25]} 9. b3 {[%emt 0:00:04]} Nc6 {[%emt 0:01:01]} 10. d5 {[%emt 0:00:11]} Ne5 {[%emt 0:00:53]} 11. Be2 {[%emt 0:00:14]} h5 {[%emt 0:02:00]} 12. h3 {[%emt 0:03:25] B03: Alekhine's Defence: Four Pawns Attack.} e6 {[%emt 0:08:25]} 13. dxe6 {[%emt 0:01:43]} Bxe6 {[%emt 0:01:58]} 14. Nf3 {[%emt 0:04:47]} Rc8 {[%emt 0:08:04]} 15. O-O {[%emt 0:04:25] [#]} f5 $146 {[%emt 0:13:41]} (15... Nc6 $16 {was worth a try.}) ({Predecessor:} 15... a6 16. Qd2 Na8 17. Rfd1 Qa5 18. Nd5 Qxd2 19. Rxd2 Rfe8 20. Rcd1 Bxd5 21. Rxd5 Bf8 {1-0 (47) Bochnicka,V (2052)-Schnabel,L (1772) Kouty nad Desnou 2018}) 16. Qd2 {[%emt 0:03:31]} Qe7 {[%emt 0:08:29]} 17. Nb5 {[%emt 0:01:56]} Rcd8 {[%emt 0:10:03]} 18. Nxa7 {[%emt 0:02:02]} Nbd7 {[%emt 0:01:48]} 19. Nb5 {[%emt 0:04:27]} Nc5 {[%emt 0:05:54]} 20. Bg5 {[%emt 0:06:00]} Bf6 {[%emt 0:07:32]} 21. Bxf6 {[%emt 0:03:41]} Rxf6 {[%emt 0:02:29]} 22. Nc3 {[%emt 0:05:33]} Rff8 {[%emt 0:06:18]} 23. Nd4 {[%emt 0:03:51]} Bf7 {[%emt 0:03:13]} 24. f4 {[%emt 0:02:05]} Nc6 {[%emt 0:02:21]} 25. Bf3 {[%emt 0:01:51]} Qd7 {[%emt 0:04:14]} 26. Nd5 $18 {[%emt 0:02:27]} Bxd5 {[%emt 0:01:26]} 27. Bxd5+ {[%emt 0:00:50]} Kh7 {[%emt 0:00:52]} 28. Nf3 {[%emt 0:01:34]} Ne7 {[%emt 0:03:59]} 29. Ng5+ {[%emt 0:00:45]} Kg7 {[%emt 0:01:15]} 30. b4 {[%emt 0:02:48]} Nxd5 {[%emt 0:01:36]} 31. Qxd5 {[%emt 0:01:35]} 1-0